Statistiques concernant Paroles " Ta Marinière "

Cliquez ici pour prendre le quiz!

Statistiques générales

  • Ce quiz a été pris 998 fois
  • Le résultat moyen est 235 sur 326

Statistiques - réponses

Réponse% Correct
ta
99%
à
98%
je
97%
de
96%
ma
96%
la
95%
du
94%
marin
93%
marinière
93%
te
93%
tu
93%
me
92%
sur
92%
au
89%
que
89%
mer
88%
et
87%
pour
87%
un
87%
d'un
86%
jeté
86%
poissons
86%
aux
85%
donne
85%
bouffer
84%
cherche
83%
donner
83%
d'union
83%
pas
82%
ton
82%
c'est
81%
l'as
81%
ne
81%
trait
81%
d'avril
80%
en
80%
mon
80%
boire
79%
notre
79%
fil
78%
le
78%
nous
76%
t'es
75%
tes
75%
miroir
74%
amoureux
73%
nos
73%
dans
72%
deux
72%
pire
72%
découvre
71%
coeur
70%
est
68%
les
68%
rendrais
68%
sa
68%
suis
67%
as
66%
fait
66%
se
66%
tabac
63%
qu'il
62%
t'as
62%
âme
61%
bonheur
61%
Derrière
61%
si
61%
alors
60%
quête
60%
cigarettes
59%
on
59%
son
59%
ou
58%
piraté
57%
draps
56%
peut-être
56%
elle
54%
mais
54%
bain
53%
bateau
53%
maillot
53%
main
53%
veux
52%
babord
51%
rends
51%
trésor
51%
corps
50%
demain
50%
rien
50%
tribord
50%
dingue
49%
jolie
49%
jusqu'à
49%
rive
49%
air
48%
célibataire
48%
dérive
48%
enlève
48%
terre
48%
toutes
48%
bas
47%
l'autre
47%
moi
47%
bringue
46%
fasse
46%
hauts
46%
nuits
46%
prêt
46%
rester
45%
même
44%
courant
43%
marrant
43%
partira
43%
cata
42%
rêve
42%
t'attends
41%
viens
41%
aura
40%
équipage
40%
jetée
40%
madrague
40%
viennes
40%
essayé
39%
fera
38%
bien
37%
j'sais
37%
nage
37%
naufrage
37%
porte
37%
passe
36%
vois
36%
sûrement
35%
autre
34%
j't'avais
34%
l'océan
33%
aujourd'hui
32%
câble
32%
l'abordage
32%
lorsque
32%
quitte
32%
pètes
31%
qu'un
31%
revenir
31%
donc
30%
emporte
30%
ripostes
30%
sable
29%
parce
28%
plonge
28%
séjour
27%
rattrape
26%
prolonge
25%
courons
17%
accoste
14%
l'eau
12%
avabt
3%

Distribution des résultats

Percentile par nombre de réponses

% des personnes avec chaque résultat

Votre développement - résultats

Vous n’avez pas pris ce quiz